00315nam a2200133Ia 45000030006000000080041000060400015000471000018000622450036000802500011001162600025001275460012001520050017001640STCL150530s9999 xx 000 0 und d aSTCLcSTCL aNabagopal Das aIndustrial enterprises in India aFourth bOrient Longmanc1962 aEnglish20220125165635.0